Online katalóg knižníc regiónu Turca

Veršíky o zvieratkách (Record no. 21410)

MARC details
000 -LEADER
fixed length control field 01430cam a2200433 a 4500
001 - CONTROL NUMBER
control field 21410
003 - CONTROL NUMBER IDENTIFIER
control field VRT
005 - DATE AND TIME OF LATEST TRANSACTION
control field 20260228145153.0
008 - FIXED-LENGTH DATA ELEMENTS--GENERAL INFORMATION
fixed length control field 240314s2011 xo a a 000 0 slo
015 ## - NATIONAL BIBLIOGRAPHY NUMBER
National bibliography number SNBA2012/04-02303
020 ## - INTERNATIONAL STANDARD BOOK NUMBER
International Standard Book Number 9788097067168
Qualifying information (viaz.)
035 ## - SYSTEM CONTROL NUMBER
System control number D403DB68-0D92-4B03-86B1-4C27B60A8F27
035 ## - SYSTEM CONTROL NUMBER
System control number urn:nbn:sk:snk-amjxym
035 ## - SYSTEM CONTROL NUMBER
System control number urn:nbn:sk:snk-am007xv2
039 #9 - LEVEL OF BIBLIOGRAPHIC CONTROL AND CODING DETAIL [OBSOLETE]
Level of rules in bibliographic description 202403140845
Level of effort used to assign nonsubject heading access points VLOAD
Level of effort used to assign subject headings 201511121726
Level of effort used to assign classification VLOAD
Level of effort used to assign subject headings 201507071644
Level of effort used to assign classification VLOAD
Level of effort used to assign subject headings 201207311000
Level of effort used to assign classification msnk38
040 ## - CATALOGING SOURCE
Original cataloging agency SNK
Language of cataloging slo
Transcribing agency SNK
Description conventions AACR2
041 0# - LANGUAGE CODE
Language code of text/sound track or separate title slo
044 ## - COUNTRY OF PUBLISHING/PRODUCING ENTITY CODE
MARC country code xo
ISO country code SK
072 #7 - SUBJECT CATEGORY CODE
Subject category code 821-93
Subject category code subdivision Literatúra pre deti a mládež (beletria)
Source konspekt
080 ## - UNIVERSAL DECIMAL CLASSIFICATION NUMBER
Universal Decimal Classification number 592/599
Edition identifier 2001
080 ## - UNIVERSAL DECIMAL CLASSIFICATION NUMBER
Universal Decimal Classification number 821-193
Edition identifier 2001
080 ## - UNIVERSAL DECIMAL CLASSIFICATION NUMBER
Universal Decimal Classification number 821-93
Edition identifier 2001
100 1# - MAIN ENTRY--PERSONAL NAME
Personal name Nagaj, Ondrej,
Dates associated with a name 1940-
Relationship aut
245 10 - TITLE STATEMENT
Title Veršíky o zvieratkách
Statement of responsibility, etc. Ondrej Nagaj ; ilustrácie Ján Vrabec
250 ## - EDITION STATEMENT
Edition statement 1. vyd.
260 ## - PUBLICATION, DISTRIBUTION, ETC.
Place of publication, distribution, etc. Trnava
Name of publisher, distributor, etc. AD TEAM
Date of publication, distribution, etc. 2011
300 ## - PHYSICAL DESCRIPTION
Extent 31 s.
Other physical details fareb. ilustr.
Dimensions 29 cm
650 07 - SUBJECT ADDED ENTRY--TOPICAL TERM
Topical term or geographic name entry element zvieratá
Source of heading or term SNKPH
650 07 - SUBJECT ADDED ENTRY--TOPICAL TERM
Topical term or geographic name entry element Animals
Source of heading or term SNKPHeng
655 #7 - INDEX TERM--GENRE/FORM
Genre/form data or focus term riekanky
Source of term SNKPH
655 #7 - INDEX TERM--GENRE/FORM
Genre/form data or focus term publikácie pre deti
Source of term SNKPH
655 #7 - INDEX TERM--GENRE/FORM
Genre/form data or focus term Children's poetry
Source of term SNKPHeng
655 #7 - INDEX TERM--GENRE/FORM
Genre/form data or focus term Children's literature
Source of term SNKPHeng
700 1# - ADDED ENTRY--PERSONAL NAME
Personal name Vrabec, Ján,
Dates associated with a name 1959-
Relationship ill
942 ## - ADDED ENTRY ELEMENTS (KOHA)
Source of classification or shelving scheme Dewey Decimal Classification
Koha item type Krásna literatúra pre deti
Suppress in OPAC No
949 ## - LOCAL PROCESSING INFORMATION (OCLC)
6 17A0895987
a snkSB 82737 D1
b snk2012/6921
o 526/12
949 ## - LOCAL PROCESSING INFORMATION (OCLC)
6 17A0872864
a snkSB 82737
b snk2012/6628
o 526/12
s 6100:20140925
980 ## - EQUIVALENCE OR CROSS-REFERENCE-SERIES STATEMENT--PERSONAL NAME/TITLE [LOCAL, CANADA]
Personal name 821.162.4-193
Holdings
Stav vyradenia Strata Poškodenie Spôsob nadobudnutia Domovská knižnica Aktuálna knižnica Dátum nadobudnutia Total checkouts Čiarový kód exemplára Date last seen Typ exemplára
      Dar Obecná knižnica Horná Štubňa Obecná knižnica Horná Štubňa 28.02.2026   9788097067168 28.02.2026 Krásna literatúra pre deti
      Dar Obecná knižnica Turčianska Štiavnička Obecná knižnica Turčianska Štiavnička 09.03.2026   4738000327 09.03.2026 Krásna literatúra pre deti
Projekt je podporený Slovenskou asociáciou knižníc
Prevádzkuje Turčianska knižnica Martin 2026